Estimación de un modelo de asentamiento y generación de gas, con base en la caracterización de residuos y condiciones climáticas que se han presentado durante el proceso de llenado y consolidación para la celda 1 del Parque Ecoindustrial de Miramar”
Furkejuvvon:
| Váldodahkki: | |
|---|---|
| Eará dahkkit: | |
| Materiálatiipa: | Girji |
| Giella: | Spanish |
| Almmustuhtton: |
San José, [Costa Rica]
2019
|
| Fáttát: | |
| Fáddágilkorat: |
Lasit fáddágilkoriid
Eai fáddágilkorat, Lasit vuosttaš fáddágilkora!
|
MARC
| LEADER | 00000nam a22000007a 4500 | ||
|---|---|---|---|
| 003 | 013075 | ||
| 005 | 20230426143934.0 | ||
| 008 | 190711b2019 c a|||| ||m| 00| ||spa d | ||
| 040 | |c cru CEDI | ||
| 100 | |a Fernández Torres, Juan Diego, 1990- |9 432 | ||
| 245 | |a Estimación de un modelo de asentamiento y generación de gas, con base en la caracterización de residuos y condiciones climáticas que se han presentado durante el proceso de llenado y consolidación para la celda 1 del Parque Ecoindustrial de Miramar” | ||
| 260 | |a San José, [Costa Rica] |c 2019 | ||
| 500 | |a Proyecto de graduación (licenciatura en ingeniería civil)--Universidad de Costa Rica. Facultad de Ingeniería. Escuela de Ingeniería Civil. | ||
| 501 | |a Directora de Proyecto de Graduación: Ing. Nidia Cruz Zúñiga | ||
| 650 | |x RELLENO SANITARIO PARQUE ECOINDUSTRIAL MIRAMAR (COSTA RICA) |x BIOGAS - PRODUCCION - COSTA RICA |x TRATAMIENTO DE RESIDUOS - EVALUACION |x METANO - PRODUCCION - MODELOS |x RESIDUOS SOLIDOS - COMPOSICION | ||
| 700 | |9 223 |a Cruz Zúñiga, Nidia, 1978- |d Directora del TFG | ||
| 942 | |c CEDI |h TFG 8225 |6 TFG_8225_000000000000000 | ||
| 999 | |c 21737 |d 21737 | ||
